000 01067nam a2200301 i 4500
001 000036857
003 DO-SdBNP
005 20250205130905.0
007 ta
008 120202s2011 dr ac 000 0 spa d
020 _a9789945164626
040 _aDO-SdBNP
_bspa
_cBNPHU
_erda
041 _aspa
082 4 _a929.2
_bV335f
_222
100 1 _aVásquez Rondón, Ruddy A.,
_d1933-
_eautor
_4aut.
_963213
245 1 0 _aFamilia Rondón raíces y recuerdos /
_cRuddy A. Vásquez Rondón ; prólogo, Ponciano Rondón Sánchez.
250 _aPrimera edición
264 4 _aSanto Domingo, República Dominicana :
_bEditora Búho,
_c©2011.
300 _a153 páginas :
_bilustraciones, retratos ;
_c24 cm.
336 _atexto
_btxt
_2rdacontent
337 _asin mediación
_bn
_2rdamedia
338 _avolumen
_bnc
_2rdacarrier
590 _aInventariado, 2025/MFF
600 3 0 _aRondón
_xFamilia
_zRepública Dominicana
_986943
700 1 _aRondón Sánchez, Ponciano
_963214
_eprologuista
_4pr.
910 _aValidado. Control de calidad MFF
942 _2ddc
_cLBS1
999 _c36348
_d36348